=LDR 00000nam 2200000 4500 =001 INLIS000000000031446 =005 20130612133522 =008 ***********************************Ind** =035 ##$$0010-061300000031446 =041 ##$$a Ind =082 ##$$a 631.066 7 =090 ##$$a 631.066 7, Sya, p =100 ##$$a Syarief,Rizal =245 ##$$a Pengetahuan Bahan, untuk industri pertabiab, Rizal Syarief,Anies Irawati =260 ##$$a 1988 $b Jakarta =300 ##$$a v,215 hlm., ilus, .19 cm =650 ##$$a Manajemen Usaha Tani =700 ##$$a Irawati,Anies =850 ##$$a NBPNMAT